Регионална библиотека "Любен Каравелов" - Русе

Диверсията и естетическото възпитание на младежта (Запис номер 122806)

MARC детайли
000 -Лидер
Контролно поле с фиксирана дължина nam a22 a 4500
003 - Код на организацията, давaща контролен номер
Контролно поле BLK
005 - Дата и час на последна редакция
Контролно поле 20220803153625.0
008 - Елементи от данни с фиксирана дължина
fixed length control field 180409b bul|||||r ||||||| ||bul||
010 ## - Наследен системен номер
LC control number KNG00128453000
040 ## - Източник на каталожния запис
Идентификатор на билиотеката - собственик на записа BLK
041 ## - Код за език
Код за езика на текст/звукозапис или на отделно заглавие Български
Код за езика КДБФ Български
080 ## - УДК
Текстов определител УДК Естетическо възпитание
УДК код - определител по УДК 37.017:111.852
УДК - код + определител 37.017:111.852
080 ## - УДК
Текстов определител УДК Политически интриги. Подривна дейност. Диверсии. Пета колона
УДК код - определител по УДК 327.88
УДК - код + определител 327.88
100 1# - Редна дума - Автор
Автор Атанасов, Жечо Господинов
Авторска отговорност първи автор
R(LIN) 364564
139 ## - Редно поле
Редна дума Атанасов, Жечо Господинов
Авторски знак Ат - А 93
245 10 - Сведения за заглавието
Заглавие Диверсията и естетическото възпитание на младежта
Редно поле (дума) Жечо Господинов Атанасов.
257 ## - Страна на издаване
Страна на създаване/издаване България
260 ## - Област на издателските данни
Място на издаване, разпространение и проч. София
Име на издателя, разпространителя и проч. ОФ
Година на издаване 1971
300 ## - Физическа характеристика
Страници 108 с.
Илюстрации и др. с ил.
Размери/Мащаб 20 см
380 ## - Жанр
Жанр Обществени науки
500 ## - Общи забележки
Забележка Библиогр. каре 1972.
504 ## - Забележка за наличие на библиография и др
Забележка за наличие на библиография и под. Библиогр. под линия.
650 #4 - Допълнително описание по предмет – тема
Основно описание – тема или топоним Естетическо възпитание
9 (RLIN) 284085
650 #4 - Допълнително описание по предмет – тема
Основно описание – тема или топоним Младеж - възпитание
9 (RLIN) 270413
653 ## - Ключова дума – ненормативна
Ключова дума естетическо възпитание
653 ## - Ключова дума – ненормативна
Ключова дума младежи
852 ## - Местоположение
Форматна сигнатура Цб 62251
Фондова буква Хранилище
999 ## - СИСТЕМНИ КОНТРОЛНИ НОМЕРА
Koha biblionumber 122806
Koha biblioitemnumber 122806
942 ## - АРТИКУЛИ
Вид на библиотечния материал Книги
Скрит в OPAC Не
Периодичен библиозапис Да
944 ## - СЪЗДАВАНЕ И РЕДАКЦИЯ на ЗАПИСА
Създаване/Редакция Създаване
Дата на регистрацията/редакция 07.03.2012
Статус, дата на статуса 07.03.2012 - от С1,Р / 07.03.2012
Служител, извършил регистрацията/редакцията Наталия_Медовщикова
944 ## - СЪЗДАВАНЕ И РЕДАКЦИЯ на ЗАПИСА
Създаване/Редакция Редакция
Дата на регистрацията/редакция 2022-08-03
Служител, извършил регистрацията/редакцията ГГГ
Наличности
Код за отписване Код за изгубен артикул Източник на класификационната схема Код за повреда Коз за рестрикции Код за отдаване Артикулен № Име на библиотеката - собственик Име на библиотеката, в която се намира в момента Статус (Текущо местоположение) Дата на вписване в системата Местоположение - отдел Цена в лева Инвентарен номер Систематично азбучна сигнатура Баркод Номер на екземпляра Цена в евро Служебна бележка Служебен тип на артикула
  Не е изгубен Universal Decimal Classification Не е повреден само за читалня ползва се в читалня 198734 Регионална библиотека "Любен Каравелов" Русе Регионална библиотека "Любен Каравелов" Русе Хранилище 1971-01-01 Хранилище 0.30 112404 Цб 62251 120000112404 1 0.15 N: стар фонд Дата: 01.01.1971 Книги
Vip Innovations Ltd, Rousse, Bulgaria 2025